01346nas a2200253 4545000010006000000050017000060080037000230030015000600400040000750800031001152450062001460220014002082640036002223100022002585200521002800410008008011000087008097000028008966500017009246500021009416500016009626500013009788560101009912608920260407193506.0260407s2009####ag###########|||spa#dAR-UNSa-BCEJYS aAR-UNSa-BCEJYSbspacAR-UNSa-BCEJYS a330xEconomía en general10aSaberEspRevista de Ciencias Económicas y Estadística a1852-4184 1aRosario :bLaborde Editorc2009 aFrecuencia: Anual aSaberEs está destinada a difundir producción científica y tecnológica original en los campos de las disciplinas que integran las Ciencias Económicas (Administración, Contabilidad, Economía, Tributación, etc.) y la Estadística. Asimismo podrá contener comunicaciones breves, reseñas, recensiones de tesis, etc. Se dirige principalmente a investigadores, docentes universitarios, especialistas en los temas que trata la revista, estudiantes de posgrado, profesionales de disciplinas afines, etc.  aspa1 aUniversidad Nacional de Rosario. Facultad de Ciencias Económicas y Estadística1 aPellegrini, José Luis aCONTABILIDAD aAdministración aESTADISTICA aECONOMIA41uhttps://www.biblioeco.unsa.edu.ar/pmb/images/revistas/saberes.jpgyImagen de portadaqimage/jpeg